000 00326nam a22001337a 4500
008 260218b ||||| |||| 00| 0 eng d
020 _a9788861823877
041 _aital
080 _a2.1
100 _a20.1
101 _aital
245 _aPiccole Storie D'Amore
_cAlessandro De Giuli, Ciro Massimo Naddeo
942 _2lcc
_cBK
999 _c60808
_d60808